00844nam a2200253Ia 450000500170000000800410001702000150005804100080007310000290008124500750011025000340018526400380021930000400025733600270029733700330032433800280035750000210038565000390040665000380044565000290048370000320051204000350054408400110057920220316235223.0121119s2001 s a 000 j spa  a84204437861 aspa1 aCosta, Nicoletta,d1953-13aLa princesa bromistacNicoletta Costa ; traducción de María Puncel aDécima cuarta reimpresión 1aMadridbEdiciones Alfaguarac2001 a61 páginasbilustracionesc22 cm. atextobtxt2rdacontent asin mediaciónbn2rdamedia avolumenbnc2rdacarrier aIncluye glosario142LEMBaLiteratura infantil italiana142LEMBaCuentos italianosySiglo XX142LEMBaPrincesasvCuentos1 aPuncel, María etraductor aCO-BoRNBPbspaerdacCO-BoRNBP aC COS1